| 000 | 00524nam a2200169Ia 4500 | ||
|---|---|---|---|
| 003 | GCL | ||
| 008 | 140319s9999 xx 000 0 ara d | ||
| 040 |
_aGCL / _cGCL |
||
| 082 | 0 | 4 |
_aفيديو _b121 |
| 245 | 1 | 0 | _aالعين الانسان البكتريا الولادة الانجاب |
| 260 |
_a[S.N] : _bلا يوجد |
||
| 490 |
_aمجموعة من موسوعة الاعجاز العلمى _v0 |
||
| 650 | 0 | 4 | _aشرائط فيديو |
| 650 | 0 | 4 | _aالقران - اعجاز |
| 650 | 0 | 4 | _aالقران |
| 942 |
_2ddc _cBK |
||
| 999 |
_c33859 _d33859 |
||